Mexican Homes of Today /

שמור ב:
מידע ביבליוגרפי
מחבר ראשי: Shipway, Verna Cook (autor)
מחברים אחרים: Shipway, Warren (autor) (autor)
פורמט: ספר
שפה:אנגלית
יצא לאור: Nueva York, EUA : Architectural Book Publishing, 1964, c1964
נושאים:
תגים: הוספת תג
אין תגיות, היה/י הראשונ/ה לתייג את הרשומה!

MARC

LEADER 00000nam^a2200000^a^4500
001 000186776
005 20250521000000.0
009 20260310102236.954
037 |a Acervo ITESO - Biblioteca 
041 |a ING 
082 |a 747. 2972  |b SHI 
100 |a Shipway, Verna Cook  |e (autor) 
245 1 0 |a Mexican Homes of Today /  |c V. Cook Shipway, W. Shipway. 
264 4 |a Nueva York, EUA :  |b Architectural Book Publishing,  |c 1964, c1964 
300 |a XXI, 249 p. 
336 |a texto  |b txt  |2 rdacontenido 
337 |a sin mediación  |b n  |2 rdamedio 
338 |a volumen  |b nc  |2 rdasoporte 
649 |a XX 
650 |a Objetos Decorativos -  |z México 
650 |a Muebles 
650 |a Salas -  |z México 
650 |a Jardines -  |z México 
650 |a Patios -  |z México 
650 |a Vivienda -  |z México 
650 |a Acabados Arquitectónicos -  |z México 
650 |a Decoración y Ornamentación -  |z México 
650 |a Arquitectura Mexicana -  |x Historia y Crítica 
650 |a Arte Mexicano -  |x Historia y Crítica 
700 |a Shipway, Warren  |e (autor) 
910 |a Fondo Julio de la Peña Lomelín 
920 |a Impresos - Libros 
930 |a Arquitectos Jaliscienses 
905 |a 115 
901 |a 0500128513  |b IT1  |c JAL  |u 20250521 
902 |a https://opac.biblio.iteso.mx/vufind/Record/000186776